[Event "Budapest FS07 FM-B"]
[Site "Budapest"]
[Date "2014.07.14"]
[Round "10"]
[White "Szurkos, Andras"]
[Black "Onur, Semih"]
[Result "1-0"]
[WhiteElo "1789"]
[BlackElo "1278"]
[PlyCount "61"]
[EventDate "2014.07.05"]
[EventType "tourn"]
[EventRounds "11"]
[EventCountry "HUN"]
[SourceTitle "CBM 161 Extra"]
[Source "ChessBase"]
[SourceDate "2014.08.29"]
[SourceVersion "1"]
[SourceVersionDate "2014.08.29"]
[SourceQuality "1"]

1. e4 c5 2. b4 cxb4 3. a3 Nc6 4. axb4 Nxb4 5. Ba3 Nc6 6. Nf3 d6 7. Bc4 Nf6 8. Nc3 e6 9. 0-0 Be7 10. d4 d5 11. Bxe7 Nxe7 12. Bb5+ Nd7 13. exd5 exd5 14. Re1 0-0 15. Qe2 Nc6 16. Nxd5 Nf6 17. Bxc6 bxc6 18. Ne7+ Kh8 19. Nxc6 Qc7 20. Qe7 Qxe7 21. Rxe7 Nd5 22. Rexa7 Rxa7 23. Rxa7 Bf5 24. c4 Nf4 25. h3 Be4 26. Nce5 f6 27. Nd7 Rf7 28. Rc7 h6 29. Rc8+ Kh7 30. Nf8+ Kh8 31. Ng6+ 1-0